[Event "English Schools Championship Final 2024"]
[Site "Nottingham University Kings Meadow Campus, United Kingdom"]
[Date "2024.06.28"]
[Round "5.59"]
[White "Fikhter, Valentine"]
[Black "Ahern, Paddy"]
[Result "1-0"]
[TimeControl "G50' + 10\" per move."]
[WhiteElo "1436"]
[BlackElo "1283"]

1. d4 {[%clk 00:50:18]} d5 {[%clk 00:50:18]} {[%emt 00:00:03]} 2. Bf4 {[%clk
00:50:18]} {[%emt 00:00:09]} Nc6 {[%clk 00:50:20]} {[%emt 00:00:08]} 3. e3
{[%clk 00:50:12]} {[%emt 00:00:16]} Nf6 {[%clk 00:50:20]} {[%emt 00:00:11]} 4.
Nf3 {[%clk 00:50:14]} {[%emt 00:00:07]} e6 {[%clk 00:50:25]} {[%emt 00:00:03]}
5. Nbd2 {[%clk 00:49:50]} {[%emt 00:00:35]} Bd6 {[%clk 00:50:19]} {[%emt
00:00:16]} 6. Bg3 {[%clk 00:49:20]} {[%emt 00:00:40]} O-O {[%clk 00:50:11]}
{[%emt 00:00:18]} 7. Bd3 {[%clk 00:49:14]} {[%emt 00:00:17]} Re8 {[%clk
00:49:50]} {[%emt 00:00:31]} 8. Ne5 {[%clk 00:48:33]} {[%emt 00:00:50]} Nb4
{[%clk 00:48:49]} {[%emt 00:01:12]} 9. Ndf3 {[%clk 00:47:28]} {[%emt 00:01:15]}
Nxd3+ {[%clk 00:46:56]} {[%emt 00:02:03]} 10. Qxd3 {[%clk 00:47:24]} {[%emt
00:00:14]} c5 {[%clk 00:45:34]} {[%emt 00:01:31]} 11. Ng5 {[%clk 00:45:42]}
{[%emt 00:01:53]} Re7 {[%clk 00:43:35]} {[%emt 00:02:10]} 12. Ng4 {[%clk
00:44:43]} {[%emt 00:01:07]} Ne4 {[%clk 00:42:31]} {[%emt 00:01:15]} 13. Bxd6
{[%clk 00:42:49]} {[%emt 00:02:04]} Qxd6 {[%clk 00:40:40]} {[%emt 00:01:59]} 14.
Nf3 {[%clk 00:37:56]} {[%emt 00:05:04]} c4 {[%clk 00:38:59]} {[%emt 00:01:52]}
15. Qa3 {[%clk 00:36:11]} {[%emt 00:01:54]} Qxa3 {[%clk 00:38:45]} {[%emt
00:00:24]} 16. bxa3 {[%clk 00:36:16]} {[%emt 00:00:06]} f6 {[%clk 00:36:38]}
{[%emt 00:02:16]} 17. h3 {[%clk 00:35:18]} {[%emt 00:01:08]} h5 {[%clk
00:35:42]} {[%emt 00:01:07]} 18. Ngh2 {[%clk 00:35:05]} {[%emt 00:00:23]} e5
{[%clk 00:35:31]} {[%emt 00:00:21]} 19. O-O {[%clk 00:33:58]} {[%emt 00:01:16]}
exd4 {[%clk 00:35:14]} {[%emt 00:00:26]} 20. Nxd4 {[%clk 00:33:34]} {[%emt
00:00:35]} Be6 {[%clk 00:31:38]} {[%emt 00:03:47]} 21. Ne2 {[%clk 00:30:49]}
{[%emt 00:02:54]} Rf8 {[%clk 00:29:47]} {[%emt 00:02:01]} 22. Nf4 {[%clk
00:29:55]} {[%emt 00:01:05]} Bf7 {[%clk 00:28:22]} {[%emt 00:01:35]} 23. Rfd1
{[%clk 00:27:47]} {[%emt 00:02:18]} g5 {[%clk 00:27:56]} {[%emt 00:00:36]} 24.
Nxd5 {[%clk 00:25:37]} {[%emt 00:02:20]} Bxd5 {[%clk 00:27:32]} {[%emt
00:00:34]} 25. Rxd5 {[%clk 00:25:03]} {[%emt 00:00:45]} Rff7 {[%clk 00:26:57]}
{[%emt 00:00:44]} 26. Rd4 {[%clk 00:23:26]} {[%emt 00:01:46]} Nc3 {[%clk
00:26:05]} {[%emt 00:01:03]} 27. Rxc4 {[%clk 00:22:39]} {[%emt 00:00:55]} Rc7
{[%clk 00:26:00]} {[%emt 00:00:15]} 28. Rxc7 {[%clk 00:21:29]} {[%emt
00:01:22]} Rxc7 {[%clk 00:26:07]} {[%emt 00:00:02]} 29. Kf1 {[%clk 00:20:57]}
{[%emt 00:00:42]} Rd7 {[%clk 00:25:50]} {[%emt 00:00:27]} 30. Ke1 {[%clk
00:19:58]} {[%emt 00:01:09]} Kg7 {[%clk 00:25:10]} {[%emt 00:00:51]} 31. Nf3
{[%clk 00:19:04]} {[%emt 00:01:04]} g4 {[%clk 00:24:35]} {[%emt 00:00:45]} 32.
hxg4 {[%clk 00:18:29]} {[%emt 00:00:44]} hxg4 {[%clk 00:24:42]} {[%emt
00:00:03]} 33. Nd4 {[%clk 00:18:22]} {[%emt 00:00:17]} Kg6 {[%clk 00:24:09]}
{[%emt 00:00:45]} 34. Kd2 {[%clk 00:16:59]} {[%emt 00:01:32]} Ne4+ {[%clk
00:24:01]} {[%emt 00:00:18]} 35. Ke2 {[%clk 00:16:57]} {[%emt 00:00:11]} g3
{[%clk 00:24:00]} {[%emt 00:00:12]} 36. f3 {[%clk 00:16:21]} {[%emt 00:00:46]}
Nc3+ {[%clk 00:21:42]} {[%emt 00:02:28]} 37. Kd3 {[%clk 00:15:49]} {[%emt
00:00:42]} Nd5 {[%clk 00:21:34]} {[%emt 00:00:18]} 38. e4 {[%clk 00:14:17]}
{[%emt 00:01:41]} Nf4+ {[%clk 00:21:30]} {[%emt 00:00:15]} 39. Ke3 {[%clk
00:13:59]} {[%emt 00:00:23]} Nxg2+ {[%clk 00:21:34]} {[%emt 00:00:10]} 40. Kd3
{[%clk 00:13:02]} {[%emt 00:01:08]} Nf4+ {[%clk 00:20:59]} {[%emt 00:00:45]} 41.
Ke3 {[%clk 00:12:12]} {[%emt 00:00:59]} Kg5 {[%clk 00:20:45]} {[%emt 00:00:24]}
42. Rg1 {[%clk 00:11:09]} {[%emt 00:01:13]} g2 {[%clk 00:20:15]} {[%emt
00:00:41]} 43. Ne2 {[%clk 00:10:30]} {[%emt 00:00:48]} Nxe2 {[%clk 00:18:53]}
{[%emt 00:01:32]} 44. Rxg2+ {[%clk 00:09:56]} {[%emt 00:00:44]} Ng3 {[%clk
00:18:19]} {[%emt 00:00:45]} 45. Rxg3+ {[%clk 00:09:53]} {[%emt 00:00:13]} Kh4
{[%clk 00:18:20]} {[%emt 00:00:09]} 46. Rg6 {[%clk 00:09:28]} {[%emt 00:00:34]}
Rc7 {[%clk 00:18:07]} {[%emt 00:00:24]} 47. Kd3 {[%clk 00:08:36]} {[%emt
00:01:02]} Rd7+ {[%clk 00:17:03]} {[%emt 00:01:14]} 48. Kc4 {[%clk 00:08:18]}
{[%emt 00:00:29]} Rc7+ {[%clk 00:17:04]} {[%emt 00:00:08]} 49. Kb3 {[%clk
00:08:12]} {[%emt 00:00:15]} Rc6 {[%clk 00:17:04]} {[%emt 00:00:11]} 50. e5
{[%clk 00:07:36]} {[%emt 00:00:46]} Rb6+ {[%clk 00:16:51]} {[%emt 00:00:23]} 51.
Kc4 {[%clk 00:07:19]} {[%emt 00:00:27]} Kh5 {[%clk 00:16:33]} {[%emt 00:00:27]}
52. Rxf6 {[%clk 00:07:15]} {[%emt 00:00:15]} Rxf6 {[%clk 00:16:37]} {[%emt
00:00:06]} 53. exf6 {[%clk 00:06:54]} {[%emt 00:00:31]} Kg6 {[%clk 00:16:46]}
{[%emt 00:00:01]} 54. Kd5 {[%clk 00:06:49]} {[%emt 00:00:15]} Kxf6 {[%clk
00:16:53]} {[%emt 00:00:03]} 55. Kd6 {[%clk 00:06:45]} {[%emt 00:00:14]} Kf5
{[%clk 00:17:01]} {[%emt 00:00:02]} 56. Kc7 {[%clk 00:06:34]} {[%emt 00:00:20]}
Kf4 {[%clk 00:17:09]} {[%emt 00:00:02]} 57. Kxb7 {[%clk 00:06:26]} {[%emt
00:00:18]} Kxf3 {[%clk 00:17:17]} {[%emt 00:00:02]} 58. Kxa7 {[%clk 00:06:22]}
{[%emt 00:00:14]} Ke3 {[%clk 00:17:19]} {[%emt 00:00:09]} 59. a4 {[%clk
00:06:16]} {[%emt 00:00:16]} Kd4 {[%clk 00:17:09]} {[%emt 00:00:20]} 60. a5
{[%clk 00:05:57]} {[%emt 00:00:29]} Kc5 {[%clk 00:17:17]} {[%emt 00:00:02]} 61.
Kb7 {[%clk 00:05:38]} {[%emt 00:00:29]} 1-0

[Event "English Schools Championship Final 2024"]
[Site "Nottingham University Kings Meadow Campus, United Kingdom"]
[Date "2024.06.28"]
[Round "5.60"]
[White "Comer, Rufus"]
[Black "Fielding, James"]
[Result "1/2-1/2"]
[TimeControl "G50' + 10\" per move."]
[WhiteElo "1658"]
[BlackElo "1521"]

1. e4 {[%clk 00:50:19]} {[%emt 00:00:01]} c5 {[%clk 00:50:14]} {[%emt
00:00:06]} 2. Nf3 {[%clk 00:50:27]} {[%emt 00:00:02]} Nc6 {[%clk 00:50:14]}
{[%emt 00:00:11]} 3. Bb5 {[%clk 00:50:30]} {[%emt 00:00:07]} g6 {[%clk
00:50:05]} {[%emt 00:00:17]} 4. c3 {[%clk 00:50:31]} {[%emt 00:00:09]} Bg7
{[%clk 00:49:05]} {[%emt 00:01:12]} 5. d4 {[%clk 00:50:28]} {[%emt 00:00:13]}
cxd4 {[%clk 00:48:28]} {[%emt 00:00:46]} 6. Bxc6 {[%clk 00:50:30]} {[%emt
00:00:07]} bxc6 {[%clk 00:48:23]} {[%emt 00:00:16]} 7. cxd4 {[%clk 00:50:34]}
{[%emt 00:00:06]} Rb8 {[%clk 00:47:14]} {[%emt 00:01:18]} 8. Nc3 {[%clk
00:50:32]} {[%emt 00:00:13]} Nf6 {[%clk 00:46:38]} {[%emt 00:00:46]} 9. O-O
{[%clk 00:50:29]} {[%emt 00:00:12]} d6 {[%clk 00:46:10]} {[%emt 00:00:39]} 10.
b3 {[%clk 00:50:29]} {[%emt 00:00:10]} O-O {[%clk 00:44:58]} {[%emt 00:01:22]}
11. e5 {[%clk 00:50:03]} {[%emt 00:00:36]} dxe5 {[%clk 00:42:44]} {[%emt
00:02:24]} 12. dxe5 {[%clk 00:50:09]} {[%emt 00:00:03]} Nd5 {[%clk 00:42:32]}
{[%emt 00:00:22]} 13. Nxd5 {[%clk 00:50:04]} {[%emt 00:00:14]} cxd5 {[%clk
00:42:11]} {[%emt 00:00:32]} 14. Bf4 {[%clk 00:49:48]} {[%emt 00:00:27]} Bg4
{[%clk 00:40:47]} {[%emt 00:01:35]} 15. h3 {[%clk 00:49:50]} {[%emt 00:00:08]}
Bxf3 {[%clk 00:40:18]} {[%emt 00:00:38]} 16. Qxf3 {[%clk 00:49:52]} {[%emt
00:00:06]} e6 {[%clk 00:39:11]} {[%emt 00:01:18]} 17. Qe3 {[%clk 00:49:03]}
{[%emt 00:00:59]} Qb6 {[%clk 00:38:43]} {[%emt 00:00:38]} 18. Qxb6 {[%clk
00:49:06]} {[%emt 00:00:06]} axb6 {[%clk 00:38:20]} {[%emt 00:00:34]} 19. Rfe1
{[%clk 00:48:49]} {[%emt 00:00:28]} b5 {[%clk 00:37:47]} {[%emt 00:00:43]} 20.
Bd2 {[%clk 00:48:55]} {[%emt 00:00:03]} Rfc8 {[%clk 00:37:39]} {[%emt
00:00:19]} 21. f4 {[%clk 00:48:57]} {[%emt 00:00:08]} Rc2 {[%clk 00:37:23]}
{[%emt 00:00:26]} 22. Bb4 {[%clk 00:48:52]} {[%emt 00:00:15]} Bf8 {[%clk
00:36:28]} {[%emt 00:01:05]} 23. Bxf8 {[%clk 00:48:49]} {[%emt 00:00:12]} Kxf8
{[%clk 00:36:30]} {[%emt 00:00:09]} 24. Rec1 {[%clk 00:48:55]} {[%emt
00:00:04]} Rbc8 {[%clk 00:35:14]} {[%emt 00:01:25]} 25. Rxc2 {[%clk 00:49:01]}
{[%emt 00:00:04]} Rxc2 {[%clk 00:35:17]} {[%emt 00:00:07]} 26. a4 {[%clk
00:48:56]} {[%emt 00:00:16]} bxa4 {[%clk 00:33:41]} {[%emt 00:01:45]} 27. bxa4
{[%clk 00:49:05]} Rc6 {[%clk 00:32:45]} {[%emt 00:01:05]} 28. a5 {[%clk
00:49:12]} {[%emt 00:00:06]} Ra6 {[%clk 00:32:34]} {[%emt 00:00:20]} 29. Kf2
{[%clk 00:49:14]} {[%emt 00:00:08]} Ke7 {[%clk 00:32:31]} {[%emt 00:00:14]} 30.
Kg3 {[%clk 00:49:20]} {[%emt 00:00:03]} Kd7 {[%clk 00:32:11]} {[%emt 00:00:30]}
31. Kg4 {[%clk 00:49:19]} {[%emt 00:00:12]} h6 {[%clk 00:32:09]} {[%emt
00:00:12]} 32. h4 {[%clk 00:49:23]} {[%emt 00:00:06]} Kc6 {[%clk 00:31:42]}
{[%emt 00:00:37]} 33. h5 {[%clk 00:49:30]} {[%emt 00:00:03]} d4 {[%clk
00:31:14]} {[%emt 00:00:38]} 34. hxg6 {[%clk 00:47:57]} {[%emt 00:01:42]} fxg6
{[%clk 00:31:08]} {[%emt 00:00:18]} 35. Rh1 {[%clk 00:47:54]} {[%emt 00:00:13]}
Kd5 {[%clk 00:29:32]} {[%emt 00:01:45]} 36. Kf3 {[%clk 00:47:54]} {[%emt
00:00:10]} h5 {[%clk 00:28:11]} {[%emt 00:01:31]} 37. Ra1 {[%clk 00:47:42]}
{[%emt 00:00:22]} Kc4 {[%clk 00:27:56]} {[%emt 00:00:24]} 38. Ke4 {[%clk
00:47:47]} {[%emt 00:00:06]} Kc3 {[%clk 00:27:13]} {[%emt 00:00:53]} 39. Rd1
{[%clk 00:47:52]} {[%emt 00:00:05]} Rxa5 {[%clk 00:22:48]} {[%emt 00:04:34]} 40.
Rxd4 {[%clk 00:48:00]} {[%emt 00:00:02]} Ra2 {[%clk 00:22:39]} {[%emt
00:00:19]} 41. Rd6 {[%clk 00:47:59]} {[%emt 00:00:12]} Rxg2 {[%clk 00:22:44]}
{[%emt 00:00:05]} 42. Rxe6 {[%clk 00:47:57]} {[%emt 00:00:11]} h4 {[%clk
00:22:51]} {[%emt 00:00:04]} 43. Rd6 {[%clk 00:47:53]} {[%emt 00:00:12]} Kc2
{[%clk 00:22:03]} {[%emt 00:00:59]} 44. Rc6+ {[%clk 00:47:56]} {[%emt
00:00:08]} Kd2 {[%clk 00:21:54]} {[%emt 00:00:18]} 45. e6 {[%clk 00:47:51]}
{[%emt 00:00:16]} h3 {[%clk 00:21:56]} {[%emt 00:00:08]} 46. Rc8 {[%clk
00:47:50]} {[%emt 00:00:11]} h2 {[%clk 00:11:23]} {[%emt 00:10:44]} 47. Rh8
{[%clk 00:47:53]} {[%emt 00:00:06]} Ke1 {[%clk 00:11:21]} {[%emt 00:00:11]} 48.
e7 {[%clk 00:47:47]} {[%emt 00:00:16]} Re2+ {[%clk 00:11:08]} {[%emt 00:00:23]}
49. Kf3 {[%clk 00:47:51]} {[%emt 00:00:07]} Rxe7 {[%clk 00:10:04]} {[%emt
00:01:14]} 50. Rxh2 {[%clk 00:47:58]} {[%emt 00:00:02]} Rf7 {[%clk 00:06:08]}
{[%emt 00:04:06]} 51. Re2+ {[%clk 00:48:07]} {[%emt 00:00:02]} Kd1 {[%clk
00:05:44]} {[%emt 00:00:34]} 52. Re6 {[%clk 00:48:16]} {[%emt 00:00:02]} g5
{[%clk 00:05:49]} {[%emt 00:00:04]} 53. Rd6+ {[%clk 00:47:33]} {[%emt
00:00:53]} Ke1 {[%clk 00:05:11]} {[%emt 00:00:48]} 54. Re6+ {[%clk 00:47:33]}
{[%emt 00:00:10]} Kf1 {[%clk 00:04:17]} {[%emt 00:01:04]} 55. Re4 {[%clk
00:47:37]} {[%emt 00:00:05]} Rxf4+ {[%clk 00:04:24]} {[%emt 00:00:03]} 56. Rxf4
{[%clk 00:47:41]} {[%emt 00:00:06]} gxf4 {[%clk 00:04:32]} {[%emt 00:00:03]} 57.
Kxf4 {[%clk 00:47:49]} {[%emt 00:00:01]} 1/2-1/2

[Event "English Schools Championship Final 2024"]
[Site "Nottingham University Kings Meadow Campus, United Kingdom"]
[Date "2024.06.28"]
[Round "5.61"]
[White "Nayak, Varun"]
[Black "Morris Dawson, Miles"]
[Result "0-1"]
[TimeControl "G50' + 10\" per move."]
[WhiteFideId "343440843"]
[BlackFideId "468878"]
[WhiteElo "1833"]
[BlackElo "1660"]

1. e4 {[%clk 00:50:18]} {[%emt 00:00:02]} e6 {[%clk 00:50:15]} {[%emt
00:00:05]} 2. Nc3 {[%clk 00:50:26]} {[%emt 00:00:02]} d5 {[%clk 00:50:20]}
{[%emt 00:00:05]} 3. Nf3 {[%clk 00:50:32]} {[%emt 00:00:04]} Bb4 {[%clk
00:49:33]} {[%emt 00:00:57]} 4. exd5 {[%clk 00:50:01]} {[%emt 00:00:41]} exd5
{[%clk 00:49:27]} {[%emt 00:00:16]} 5. d4 {[%clk 00:49:56]} {[%emt 00:00:15]}
Bxc3+ {[%clk 00:49:22]} {[%emt 00:00:15]} 6. bxc3 {[%clk 00:49:55]} {[%emt
00:00:11]} Nf6 {[%clk 00:49:25]} {[%emt 00:00:07]} 7. Bd3 {[%clk 00:50:02]}
{[%emt 00:00:03]} O-O {[%clk 00:49:24]} {[%emt 00:00:10]} 8. O-O {[%clk
00:50:08]} {[%emt 00:00:05]} Bg4 {[%clk 00:49:16]} {[%emt 00:00:18]} 9. Re1
{[%clk 00:48:57]} {[%emt 00:01:21]} Nbd7 {[%clk 00:48:49]} {[%emt 00:00:37]} 10.
Bf4 {[%clk 00:47:46]} {[%emt 00:01:21]} c6 {[%clk 00:48:21]} {[%emt 00:00:39]}
11. Rb1 {[%clk 00:47:46]} {[%emt 00:00:09]} b6 {[%clk 00:47:47]} {[%emt
00:00:44]} 12. h3 {[%clk 00:47:30]} {[%emt 00:00:25]} Bh5 {[%clk 00:46:50]}
{[%emt 00:01:07]} 13. Be2 {[%clk 00:47:12]} {[%emt 00:00:29]} Ne4 {[%clk
00:46:04]} {[%emt 00:00:55]} 14. Bd2 {[%clk 00:46:08]} {[%emt 00:01:15]} Ndf6
{[%clk 00:45:41]} {[%emt 00:00:32]} 15. Ne5 {[%clk 00:45:47]} {[%emt 00:00:31]}
Bxe2 {[%clk 00:44:30]} {[%emt 00:01:22]} 16. Qxe2 {[%clk 00:45:25]} {[%emt
00:00:32]} Nxd2 {[%clk 00:44:18]} {[%emt 00:00:22]} 17. Qxd2 {[%clk 00:45:16]}
{[%emt 00:00:18]} Ne4 {[%clk 00:43:37]} {[%emt 00:00:51]} 18. Qd3 {[%clk
00:45:22]} {[%emt 00:00:04]} Qc7 {[%clk 00:43:04]} {[%emt 00:00:44]} 19. c4
{[%clk 00:43:45]} {[%emt 00:01:47]} Nf6 {[%clk 00:40:06]} {[%emt 00:03:07]} 20.
c3 {[%clk 00:42:51]} {[%emt 00:01:05]} Rfe8 {[%clk 00:38:20]} {[%emt 00:01:55]}
21. f3 {[%clk 00:41:26]} {[%emt 00:01:35]} dxc4 {[%clk 00:37:31]} {[%emt
00:01:00]} 22. Qxc4 {[%clk 00:41:15]} {[%emt 00:00:21]} Rac8 {[%clk 00:35:46]}
{[%emt 00:01:55]} 23. g4 {[%clk 00:39:58]} {[%emt 00:01:27]} Nd5 {[%clk
00:34:52]} {[%emt 00:01:05]} 24. Qf1 {[%clk 00:30:09]} {[%emt 00:09:58]} f6
{[%clk 00:31:52]} {[%emt 00:03:09]} 25. Nd3 {[%clk 00:28:30]} {[%emt 00:01:49]}
Nxc3 {[%clk 00:30:09]} {[%emt 00:01:54]} 26. Rb2 {[%clk 00:26:10]} {[%emt
00:02:30]} Qg3+ {[%clk 00:29:51]} {[%emt 00:00:27]} 27. Kh1 {[%clk 00:24:31]}
{[%emt 00:01:50]} Nd5 {[%clk 00:27:35]} {[%emt 00:02:26]} 28. Rbe2 {[%clk
00:22:53]} {[%emt 00:01:48]} Rxe2 {[%clk 00:26:53]} {[%emt 00:00:51]} 29. Rxe2
{[%clk 00:19:58]} {[%emt 00:03:05]} Nf4 {[%clk 00:26:37]} {[%emt 00:00:25]} 30.
Nxf4 {[%clk 00:20:06]} {[%emt 00:00:03]} Qxf4 {[%clk 00:26:40]} {[%emt
00:00:07]} 31. Re7 {[%clk 00:18:40]} {[%emt 00:01:35]} Qxd4 {[%clk 00:25:59]}
{[%emt 00:00:52]} 32. Qe2 {[%clk 00:18:14]} {[%emt 00:00:36]} Qd6 {[%clk
00:22:31]} {[%emt 00:03:38]} 33. Qc4+ {[%clk 00:17:06]} {[%emt 00:01:17]} Qd5
{[%clk 00:22:28]} {[%emt 00:00:14]} 34. Qe2 {[%clk 00:14:52]} {[%emt 00:02:24]}
Kf8 {[%clk 00:20:46]} {[%emt 00:01:52]} 0-1

[Event "English Schools Championship Final 2024"]
[Site "Nottingham University Kings Meadow Campus, United Kingdom"]
[Date "2024.06.28"]
[Round "5.62"]
[White "Crompton, Josh"]
[Black "Khan, Leo"]
[Result "1/2-1/2"]
[TimeControl "G50' + 10\" per move."]
[WhiteFideId "343415342"]
[BlackFideId "343440711"]
[WhiteElo "1662"]
[BlackElo "1622"]

1. e4 {[%clk 00:50:19]} {[%emt 00:00:01]} c6 {[%clk 00:50:14]} {[%emt
00:00:06]} 2. d4 {[%clk 00:50:24]} {[%emt 00:00:07]} d5 {[%clk 00:50:19]}
{[%emt 00:00:03]} 3. e5 {[%clk 00:50:30]} {[%emt 00:00:04]} c5 {[%clk
00:50:22]} {[%emt 00:00:07]} 4. c3 {[%clk 00:50:31]} {[%emt 00:00:08]} Nc6
{[%clk 00:50:17]} {[%emt 00:00:16]} 5. Nf3 {[%clk 00:50:36]} {[%emt 00:00:06]}
Bg4 {[%clk 00:50:11]} {[%emt 00:00:16]} 6. Be2 {[%clk 00:49:36]} {[%emt
00:01:10]} e6 {[%clk 00:49:08]} {[%emt 00:01:13]} 7. Nbd2 {[%clk 00:46:23]}
{[%emt 00:03:23]} Nge7 {[%clk 00:47:45]} {[%emt 00:01:33]} 8. h3 {[%clk
00:46:07]} {[%emt 00:00:26]} Bxf3 {[%clk 00:47:40]} {[%emt 00:00:14]} 9. Nxf3
{[%clk 00:46:11]} {[%emt 00:00:07]} c4 {[%clk 00:46:39]} {[%emt 00:01:11]} 10.
O-O {[%clk 00:45:58]} {[%emt 00:00:23]} g6 {[%clk 00:46:31]} {[%emt 00:00:19]}
11. Bg5 {[%clk 00:45:21]} {[%emt 00:00:46]} Bg7 {[%clk 00:46:06]} {[%emt
00:00:35]} 12. b3 {[%clk 00:43:57]} {[%emt 00:01:34]} b5 {[%clk 00:45:39]}
{[%emt 00:00:35]} 13. a4 {[%clk 00:43:07]} {[%emt 00:01:03]} a6 {[%clk
00:45:05]} {[%emt 00:00:44]} 14. b4 {[%clk 00:41:44]} {[%emt 00:01:32]} O-O
{[%clk 00:44:31]} {[%emt 00:00:44]} 15. a5 {[%clk 00:41:26]} {[%emt 00:00:28]}
Qc7 {[%clk 00:43:23]} {[%emt 00:01:18]} 16. Qd2 {[%clk 00:40:22]} {[%emt
00:01:14]} Rfe8 {[%clk 00:42:20]} {[%emt 00:01:13]} 17. Nh4 {[%clk 00:39:08]}
{[%emt 00:01:24]} Kh8 {[%emt 00:04:29]} 18. Qf4 {[%clk 00:38:14]} {[%emt
00:01:01]} Ng8 {[%clk 00:37:41]} {[%emt 00:00:34]} 19. Qg3 {[%clk 00:34:22]}
{[%emt 00:04:02]} Nce7 {[%clk 00:34:07]} {[%emt 00:03:44]} 20. Be3 {[%clk
00:32:47]} {[%emt 00:01:44]} Nh6 {[%clk 00:33:27]} {[%emt 00:00:50]} 21. Bg4
{[%clk 00:31:47]} {[%emt 00:01:11]} Rf8 {[%clk 00:28:41]} {[%emt 00:04:56]} 22.
Rae1 {[%clk 00:30:53]} {[%emt 00:01:03]} Qd7 {[%clk 00:23:56]} {[%emt
00:04:55]} 23. Bg5 {[%clk 00:28:55]} {[%emt 00:02:08]} Nhg8 {[%clk 00:22:04]}
{[%emt 00:02:03]} 24. Bd2 {[%clk 00:26:14]} {[%emt 00:02:51]} h5 {[%clk
00:18:11]} {[%emt 00:04:03]} 25. Bxh5 {[%clk 00:19:12]} {[%emt 00:07:12]} gxh5
{[%clk 00:16:08]} {[%emt 00:02:12]} 26. Qg5 {[%clk 00:18:49]} {[%emt 00:00:34]}
Kh7 {[%clk 00:13:27]} {[%emt 00:02:50]} 27. Qxh5+ {[%clk 00:18:24]} {[%emt
00:00:35]} Nh6 {[%clk 00:11:49]} {[%emt 00:01:49]} 28. g4 {[%clk 00:17:29]}
{[%emt 00:01:05]} Ng6 {[%clk 00:09:17]} {[%emt 00:02:42]} 29. g5 {[%clk
00:16:11]} {[%emt 00:01:28]} Nxh4 {[%clk 00:08:08]} {[%emt 00:01:19]} 30. Qxh4
{[%clk 00:16:03]} {[%emt 00:00:18]} Rg8 {[%clk 00:06:00]} {[%emt 00:02:17]} 31.
Kh1 {[%clk 00:13:40]} {[%emt 00:02:33]} Qe7 {[%clk 00:05:49]} {[%emt 00:00:21]}
32. Qh5 {[%clk 00:13:42]} {[%emt 00:00:09]} Qf8 {[%clk 00:04:39]} {[%emt
00:01:20]} 33. gxh6 {[%clk 00:13:40]} {[%emt 00:00:11]} Bxh6 {[%clk 00:04:28]}
{[%emt 00:00:22]} 34. Bxh6 {[%clk 00:13:03]} {[%emt 00:00:47]} Qxh6 {[%clk
00:04:29]} {[%emt 00:00:08]} 35. Qxh6+ {[%clk 00:12:56]} {[%emt 00:00:18]} Kxh6
{[%clk 00:04:35]} {[%emt 00:00:03]} 36. Rg1 {[%clk 00:12:32]} {[%emt 00:00:35]}
Kh5 {[%clk 00:04:10]} {[%emt 00:00:35]} 37. Rg3 {[%clk 00:11:18]} {[%emt
00:01:24]} Kh4 {[%clk 00:04:09]} {[%emt 00:00:11]} 38. Kh2 {[%clk 00:10:59]}
{[%emt 00:00:28]} Rg6 {[%clk 00:04:12]} {[%emt 00:00:07]} 39. Reg1 {[%clk
00:10:10]} {[%emt 00:01:00]} Rag8 {[%clk 00:04:20]} {[%emt 00:00:03]} 40. Rxg6
{[%clk 00:08:59]} {[%emt 00:01:20]} Rxg6 {[%clk 00:04:27]} {[%emt 00:00:03]} 41.
Rxg6 {[%clk 00:07:22]} {[%emt 00:01:47]} fxg6 {[%clk 00:04:36]} {[%emt
00:00:01]} 42. Kg2 {[%clk 00:07:09]} {[%emt 00:00:23]} Kg5 {[%clk 00:04:41]}
{[%emt 00:00:05]} 43. Kg3 {[%clk 00:05:17]} {[%emt 00:02:02]} Kf5 {[%clk
00:04:12]} {[%emt 00:00:39]} 44. Kf3 {[%clk 00:03:34]} {[%emt 00:01:52]} Kg5
{[%clk 00:04:15]} {[%emt 00:00:08]} 45. Kg3 {[%clk 00:02:49]} {[%emt 00:00:55]}
Kf5 {[%clk 00:04:22]} {[%emt 00:00:03]} 46. Kf3 {[%clk 00:01:01]} {[%emt
00:01:58]} Kg5 {[%clk 00:04:28]} {[%emt 00:00:03]} 1/2-1/2